Bezpečnosť hydraulických lisovacích zariadení

Guardado en:
Detalles Bibliográficos
Autor principal: Patvarošová, Adriana, 1989- (Autor)
Otros Autores: Harangozó, Jozef, 1981- (Orientador)
Formato: Manuscrito Libro
Lenguaje:eslovaco
Publicado: Trnava : STU v Bratislave MTF UBEI, 2013
Materias:
Acceso en línea:VAIS
Etiquetas: Agregar Etiqueta
Sin Etiquetas, Sea el primero en etiquetar este registro!

MARC

LEADER 00000ntm a22000003a 4500
001 stu269986
005 20150617230245.5
008 130703s2013----xo------------------slo-d
040 |a STU  |b slo 
041 0 |a slo 
044 |a xo 
100 1 |a Patvarošová, Adriana,  |d 1989-  |4 aut  |u M  |T MTF Materiálovotechnologická fakulta  |X 6489  |U M  |Y 60  |7 A000006489 
242 0 0 |a Safety of hydraulic press  |y eng 
245 1 |a Bezpečnosť hydraulických lisovacích zariadení 
260 |a Trnava :  |b STU v Bratislave MTF UBEI,  |c 2013 
650 7 |a Occupational Health and Safety  |2 estusub 
700 1 |a Harangozó, Jozef,  |d 1981-  |4 ths  |u M5000  |U MTF Materiálovotechnologická fakulta  |T MTF Ústav bezpečnosti, environmentu a kvality  |X 32742  |U M5000  |Y 85  |7 A000032742 
856 4 |a info a plný text  |u http://is.stuba.sk/zp/portal_zp.pl?podrobnosti=78748  |3 VAIS 
996 |c M*BP-6355  |l MMSKP  |s P  |a 0  |w stu269986_0001